| 000 | 00940nas a2200277 4500 | ||
|---|---|---|---|
| 001 | BR8101030 | ||
| 003 | BR-BrBNA | ||
| 005 | 20231205084535.0 | ||
| 007 | ta | ||
| 008 | 230509b bl.|||p| |||| 00| 00por d | ||
| 040 |
_aBR-BrBNA _bpor _cBiblioteca Nacional de Agricultura |
||
| 041 | _a(Pt) | ||
| 072 | _aE70 | ||
| 100 | 1 | _aOliveira, A.C.S. de | |
| 100 | 1 | _aMiranda, S.F. de | |
| 245 | 1 | _aAspectos economicos da cultura da batata [Solanum tuberosum; Mercado; Minas Gerais; Brasil] | |
| 246 | 1 | _a[Economical aspects of potato crop [Solanum tuberosum; Market; Minas Gerais; Brazil]] | |
| 650 | _aComercializacao | ||
| 650 | _aBatata | ||
| 650 | _aMercado | ||
| 650 | _aPreco | ||
| 650 | _aMinas Gerais | ||
| 773 | 0 |
_tInforme Agropecuario - Empresa de Pesquisa Agropecuaria de Minas Gerais (Brazil) _xISSN 0100-3364 _g(Apr 1981), v. 7(76) p. 3-10 _wBR8101030 |
|
| 909 |
_a202311 _bLúcia _c55 _dLúcia Elande |
||
| 942 |
_2AGRIS _n0 _cANA |
||
| 999 |
_c105804 _d105804 |
||